El investigador criminal como elemento escencial para el pleno disfrute del derecho de defensa en un sistema penal oral acusatorio /
Sábháilte in:
| Príomhchruthaitheoir: | |
|---|---|
| Formáid: | Téacs |
| Clibeanna: |
Cuir clib leis
Níl clibeanna ann, Bí ar an gcéad duine le clib a chur leis an taifead seo!
|
MARC
| LEADER | 00000 a a2200000 04500 | ||
|---|---|---|---|
| 001 | 44313 | ||
| 003 | |||
| 040 | |||
| 100 | |a Rey Vega, Carlos | ||
| 245 | |a El investigador criminal como elemento escencial para el pleno disfrute del derecho de defensa en un sistema penal oral acusatorio / |c Carlos Rey Vega | ||
| 773 | |g volumen2, número3 ( , 2010), páginas 31-34 | ||
| 999 | |c 30808 |d 30808 | ||
